00480nam a22001457a 4500020001800000040000900018082001600027100002900043110003200072245004700104260004800151942001200199999001900211952010400230 a9780746077207 cNUST a823-CHbCOX aCox, Phil Roxbee 981944 aCartwright, Stephen 981945 aGoose On The Loose Usborne Phonics Readers aLondon:bUsborne Publishing Limited,c2006. 2ddccBK c586303d586303 00102ddc4070aCEMEbCEMEcGENd2021-08-31l0o823-CH COXpCEME-50470r2021-08-31w2021-08-31yBK